Score 0/22 Timer 01:30
0 Plays Today
Hint Answer % Correct
an animal loyal to humans???
90.4%
a group that plays music???
83.1%
a diety???
81.9%
If you are nice you are___???
80.7%
to have informed someone???
80.7%
akin to a frog???
80.7%
hairless???
79.5%
found on a beach???
79.5%
brave???
75.9%
you use it for picking something up???
68.7%
provoke someone???
67.5%
Hint Answer % Correct
opposite of standing (past tenese)???
65.1%
an emotion???
55.4%
satisfy???
41%
an animal that is great for a pet???
41%
like a province???
36.1%
a strong emotion???
25.3%
what you do with food???
21.7%
quickly???
20.5%
judge???
13.3%
used for carrying???
7.2%
a delicacy???
3.6%
Remove Ads.
Support Sporcle.
Get the best of Sporcle when you Go Orange. This ad-free experience offers more features, more stats, and more fun while also helping to support Sporcle. Thank you for becoming a member.

You're not logged in!

Compare scores with friends on all Sporcle quizzes.
OR
Log In

Show Comments

Extras

Top Quizzes Today


Score Distribution

Your Account Isn't Verified!

In order to create a playlist on Sporcle, you need to verify the email address you used during registration. Go to your Sporcle Settings to finish the process.

Report this User

Report this user for behavior that violates our Community Guidelines.

Details: